[Event "26th WSCC 2016 Open 50+"]
[Site "Marianske Lazne, Czech Republic - Hotel Cristal and Continental"]
[Date "2016.11.24"]
[Round "6.43"]
[White "Wolff, Peter"]
[Black "Semakoff, Aleks"]
[Result "0-1"]
[WhiteElo "1912"]
[BlackElo "2084"]
[PlyCount "78"]
[EventDate "2016.11.19"]

1. c4 e6 2. g3 d5 3. Bg2 Nf6 4. Nf3 Be7 5. O-O O-O 6. b3 c5 7. Bb2 Nc6 8. e3 b6
9. Nc3 Bb7 10. cxd5 exd5 11. d4 Re8 12. Ne5 Bf8 13. f4 cxd4 14. exd4 Nxd4 15.
Kh1 Ne6 16. Ng4 Ne4 17. f5 N6g5 18. Nxe4 dxe4 19. Qc1 Rc8 20. Qf4 Bd6 21. Qd2
Nf3 22. Qe3 Bc5 23. Qf4 Qd6 24. Qxd6 Bxd6 25. f6 h5 26. Ne3 g6 27. Nc4 Bc5 28.
Rad1 Rcd8 29. Ba3 Rxd1 30. Rxd1 Bxa3 31. Nxa3 e3 32. Nc2 e2 33. Ra1 Nd4 34. Ne1
Ba6 35. Bd5 Re5 36. Bc4 Bxc4 37. bxc4 Rf5 38. Kg2 Rf1 39. Rc1 Nf3 0-1

[Event "26th WSCC 2016 Open 50+"]
[Site "Marianske Lazne, Czech Republic - Hotel Cristal and Continental"]
[Date "2016.11.24"]
[Round "6.44"]
[White "Canonne, Antoine"]
[Black "Liberchuk, Ilia"]
[Result "1/2-1/2"]
[WhiteElo "1887"]
[BlackElo "2076"]
[PlyCount "42"]
[EventDate "2016.11.19"]

1. e4 c5 2. Nc3 e6 3. f4 d6 4. Bb5+ Bd7 5. Bxd7+ Qxd7 6. Nf3 Nc6 7. O-O Nf6 8.
d3 Be7 9. Bd2 O-O 10. Qe1 a6 11. Qg3 Kh8 12. Qh3 Qc7 13. Rac1 b5 14. g4 Nd7 15.
g5 b4 16. Ne2 g6 17. f5 exf5 18. exf5 gxf5 19. Qxf5 f6 20. Ng3 Nde5 21. Qe4
Nxf3+ 1/2-1/2

[Event "26th WSCC 2016 Open 50+"]
[Site "Marianske Lazne, Czech Republic - Hotel Cristal and Continental"]
[Date "2016.11.24"]
[Round "6.45"]
[White "Mohapl, Petr"]
[Black "Vieira, Alexandre Letizio"]
[Result "1-0"]
[WhiteElo "2066"]
[BlackElo "1835"]
[PlyCount "157"]
[EventDate "2016.11.19"]

1. d4 f5 2. c4 e6 3. Nc3 Nf6 4. Nf3 c6 5. e3 d5 6. Bd3 Bd6 7. Ne5 Qe7 8. O-O
O-O 9. f4 Ne4 10. c5 Bc7 11. Nxe4 fxe4 12. Be2 Nd7 13. Bd2 Nxe5 14. fxe5 Bd7
15. Qb3 b5 16. a4 Rxf1+ 17. Bxf1 bxa4 18. Qxa4 Qd8 19. Ba6 Rb8 20. b4 Qe8 21.
Qd1 Qf7 22. Be2 Ra8 23. Ba6 Rb8 24. Qc2 Qe8 25. Ra3 Qf7 26. Be1 Bd8 27. Qf2 Qe8
28. Bf1 Ra8 29. Qa2 Bg5 30. Bd2 Qb8 31. Be2 Qc7 32. Ba6 Rf8 33. Qa1 Ra8 34. Qc1
Bd8 35. Qf1 Bg5 36. Qe2 Rb8 37. g3 g6 38. Qd1 Be8 39. Qg4 Qe7 40. Bf1 Ra8 41.
Qd1 h5 42. Ra6 Qb7 43. Qe2 Bd7 44. h4 Bh6 45. g4 hxg4 46. Qxg4 Kh7 47. Ra1 Rf8
48. Be2 Bc8 49. Kg2 Qe7 50. Rg1 Bd7 51. Qg3 g5 52. hxg5 Rg8 53. Kf1 Rxg5 54.
Qh2 Qf7+ 55. Ke1 Rxg1+ 56. Qxg1 Qg6 57. Qxg6+ Kxg6 58. Ba6 Bg5 59. Bb7 Bd8 60.
b5 Kg5 61. bxc6 Be8 62. Bc8 Bf7 63. Bb4 Bc7 64. Kd2 Kg4 65. Ke2 Kg5 66. Be1
Bh5+ 67. Kf2 Bg4 68. Kg3 Bf5 69. Ba6 Bg6 70. Kh3 Bf5+ 71. Kg2 Bd8 72. c7 Bxc7
73. Bb4 Bg6 74. c6 Be8 75. Be7+ Kg6 76. Bb7 Kf7 77. Bd6 Bxd6 78. exd6 a5 79. d7
1-0

[Event "26th WSCC 2016 Open 50+"]
[Site "Marianske Lazne, Czech Republic - Hotel Cristal and Continental"]
[Date "2016.11.24"]
[Round "6.46"]
[White "Shashidhar, B Rai"]
[Black "Schneider, Alexander"]
[Result "1/2-1/2"]
[WhiteElo "1306"]
[BlackElo "2058"]
[PlyCount "61"]
[EventDate "2016.11.19"]

1. e4 c6 2. d4 d5 3. exd5 cxd5 4. c4 Nf6 5. Nf3 Nc6 6. Nc3 e6 7. a3 Be7 8. Be2
O-O 9. O-O h6 10. c5 b5 11. b4 Ne4 12. Bb2 Bf6 13. Nxe4 dxe4 14. Ne5 Bb7 15. f3
Qc7 16. Nxc6 Bxc6 17. fxe4 Bxe4 18. Bf3 Bxf3 19. Qxf3 Rad8 20. Qg4 Qe7 21. Rf3
Rd5 22. Raf1 Kh8 23. Qe4 Re8 24. Rf4 Rd7 25. Qf3 Qd8 26. h3 Kg8 27. Rg4 Kh8 28.
Rf4 Qe7 29. Kh1 Kg8 30. Qg4 Kh8 31. Qf3 1/2-1/2

[Event "26th WSCC 2016 Open 50+"]
[Site "Marianske Lazne, Czech Republic - Hotel Cristal and Continental"]
[Date "2016.11.24"]
[Round "6.47"]
[White "Dovzhenko, Viktor"]
[Black "Galvan Sarmiento, Jose Luis"]
[Result "1/2-1/2"]
[WhiteElo "2171"]
[BlackElo "1933"]
[PlyCount "143"]
[EventDate "2016.11.19"]

1. Nf3 d5 2. d4 Nf6 3. Bf4 Nh5 4. Bg5 h6 5. Bc1 g6 6. g3 Bg7 7. Bg2 c6 8. O-O
Be6 9. Nbd2 Nf6 10. Ne5 Ng4 11. Nef3 Nf6 12. c4 dxc4 13. Qc2 b5 14. a4 Nd5 15.
axb5 cxb5 16. Ne5 Bxe5 17. dxe5 Nd7 18. Ne4 Qb6 19. Nc3 Nb4 20. Qb1 Bf5 21. e4
Be6 22. Nd5 Bxd5 23. exd5 Nc5 24. e6 Rd8 25. Be3 Nxd5 26. exf7+ Kxf7 27. Bd4
Nf6 28. Be3 Qc7 29. Qa2 Na4 30. b3 Nc3 31. Qb2 Ncd5 32. Rxa7 Qb8 33. Bc5 Rhe8
34. bxc4 bxc4 35. Qd4 Qb3 36. Rc1 c3 37. Bf1 Qb2 38. Raa1 Qd2 39. Qc4 Kg7 40.
Bd4 e5 41. Bc5 h5 42. Rd1 Qg5 43. Bg2 Qg4 44. Qf1 Qc8 45. Ra7+ Kh8 46. Qb5 c2
47. Rf1 Nc3 48. Qc4 Ne2+ 49. Qxe2 Qxc5 50. Raa1 Re7 51. Rac1 Rc7 52. Rfe1 Kg7
53. h3 Rd4 54. Qa6 Rd2 55. Rf1 e4 56. Qa1 e3 57. fxe3 Qxe3+ 58. Kh2 Rf2 59.
Rxf2 Qxf2 60. Qe5 Qc5 61. Qb2 Qc3 62. Qb6 Rd7 63. Qf2 Rd2 64. Qf4 Nd5 65. Qe4
Ne3 66. Qe7+ Kh6 67. Qf8+ Kh7 68. Qe7+ Kg8 69. Qe8+ Kh7 70. Qe7+ Kh6 71. Qf8+
Kh7 72. Qe7+ 1/2-1/2

[Event "26th WSCC 2016 Open 50+"]
[Site "Marianske Lazne, Czech Republic - Hotel Cristal and Continental"]
[Date "2016.11.24"]
[Round "6.48"]
[White "Christiansen, Arne"]
[Black "Giulian, Rosemary A"]
[Result "1-0"]
[WhiteElo "2133"]
[BlackElo "1932"]
[PlyCount "75"]
[EventDate "2016.11.19"]

1. d4 e6 2. Nf3 Nf6 3. c4 Bb4+ 4. Bd2 a5 5. e3 O-O 6. Bd3 d5 7. O-O b6 8. Bxb4
axb4 9. Nbd2 c5 10. Qe2 Bb7 11. a3 bxa3 12. bxa3 Ne4 13. Rfc1 Nxd2 14. Qxd2 Qe7
15. cxd5 exd5 16. dxc5 bxc5 17. Qc2 c4 18. Bxh7+ Kh8 19. Bf5 Rxa3 20. Rxa3 Qxa3
21. Rb1 Ba6 22. Nd4 g6 23. Bg4 Kh7 24. h3 Qd6 25. Qa4 Bc8 26. Bxc8 Rxc8 27. Rb7
Kg8 28. Qa7 Qa6 29. Rxf7 Qxa7 30. Rxa7 c3 31. Ra8 Kf7 32. Kf1 Ke7 33. Ke1 Kd7
34. Kd1 Kc7 35. Kc2 Kb7 36. Ra3 Rf8 37. f3 Na6 38. Rxc3 1-0

[Event "26th WSCC 2016 Open 50+"]
[Site "Marianske Lazne, Czech Republic - Hotel Cristal and Continental"]
[Date "2016.11.24"]
[Round "6.49"]
[White "Frost, Peter"]
[Black "Prueske, Wolfgang"]
[Result "1/2-1/2"]
[WhiteElo "1916"]
[BlackElo "2093"]
[PlyCount "181"]
[EventDate "2016.11.19"]

1. e4 c6 2. d4 d5 3. exd5 cxd5 4. c4 Nf6 5. Nc3 g6 6. Qb3 Bg7 7. cxd5 O-O 8.
Bc4 Nbd7 9. Nf3 Nb6 10. O-O Nxc4 11. Qxc4 a6 12. Re1 b5 13. Qc5 b4 14. Qxb4
Nxd5 15. Nxd5 Qxd5 16. Rxe7 Bg4 17. Bf4 Bxf3 18. gxf3 Qxf3 19. Be5 Qg4+ 20. Kh1
Bxe5 21. Rxe5 Rad8 22. Rae1 Rxd4 23. Qc3 Rd1 24. Rxd1 Qxd1+ 25. Kg2 Qg4+ 26.
Kf1 Rc8 27. Qe3 Qc4+ 28. Kg2 Qxa2 29. Re8+ Rxe8 30. Qxe8+ Kg7 31. Qe5+ f6 32.
Qc7+ Qf7 33. Qc6 Qa7 34. b4 Qd4 35. Qxa6 Qxb4 36. Qa7+ Kg8 37. Qd7 Qe4+ 38. Kg1
h5 39. Qd8+ Kg7 40. Qc7+ Kh6 41. Qc1+ g5 42. Qc5 h4 43. Qf8+ Kg6 44. Qg8+ Kf5
45. Qc8+ Kf4 46. Qc1+ Kg4 47. Qd1+ Kf4 48. Qc1+ Kf5 49. Qc8+ Qe6 50. Qc2+ Ke5
51. Qe2+ Kd6 52. Qa6+ Ke7 53. Qb7+ Qd7 54. Qe4+ Kf8 55. Qg6 Qf7 56. Qf5 Kg7 57.
h3 Qg6 58. Qd7+ Kh6 59. Qd8 Qg7 60. Qd5 Qe7 61. Qf5 Qe5 62. Qc8 Kg6 63. Qg8+
Kf5 64. Qc8+ Qe6 65. Qc2+ Ke5 66. Qe2+ Kd6 67. Qa6+ Ke7 68. Qb7+ Kf8 69. Qa8+
Kg7 70. Qb7+ Kh6 71. Qf3 f5 72. Qc3 Kg6 73. Qh8 f4 74. Kg2 Qd5+ 75. Kh2 f3 76.
Qe8+ Kf5 77. Qc8+ Ke4 78. Qc2+ Kf4 79. Qc1+ Kf5 80. Qc8+ Kf6 81. Qh8+ Kg6 82.
Qe8+ Qf7 83. Qc6+ Kh5 84. Qc8 Qf4+ 85. Kh1 Qf6 86. Qe8+ Kh6 87. Kg1 Qa1+ 88.
Kh2 Qf6 89. Kg1 Qa1+ 90. Kh2 Qf6 91. Kg1 $11 1/2-1/2

[Event "26th WSCC 2016 Open 50+"]
[Site "Marianske Lazne, Czech Republic - Hotel Cristal and Continental"]
[Date "2016.11.24"]
[Round "6.50"]
[White "Vepkhvishvili, Varlam"]
[Black "Marsalek, Lubos"]
[Result "1-0"]
[WhiteElo "2086"]
[BlackElo "1927"]
[PlyCount "55"]
[EventDate "2016.11.19"]

1. e4 c5 2. Nc3 Nc6 3. Nge2 Nf6 4. g3 d6 5. Bg2 Bg4 6. h3 Bd7 7. O-O g6 8. d4
cxd4 9. Nxd4 Bg7 10. Be3 O-O 11. Nb3 Ne5 12. Nd2 Qc8 13. f4 Nc6 14. Kh2 Rb8 15.
Rb1 b5 16. Qe2 b4 17. Nd5 Nxd5 18. exd5 Nd4 19. Qf2 Nb5 20. Nb3 Qc7 21. Rfc1 a5
22. Nd4 Nxd4 23. Bxd4 Qc4 24. Bxg7 Kxg7 25. Re1 Qxa2 26. Qd4+ Kg8 27. Ra1 e5
28. dxe6 1-0

[Event "26th WSCC 2016 Open 50+"]
[Site "Marianske Lazne, Czech Republic - Hotel Cristal and Continental"]
[Date "2016.11.24"]
[Round "6.51"]
[White "Hewson, Brian Wr"]
[Black "Kainz, Josef"]
[Result "1/2-1/2"]
[WhiteElo "2083"]
[BlackElo "1907"]
[PlyCount "82"]
[EventDate "2016.11.19"]

1. d4 Nf6 2. Nf3 g6 3. c4 Bg7 4. Nc3 d5 5. h3 O-O 6. cxd5 Nxd5 7. e4 Nxc3 8.
bxc3 c5 9. Be3 Qa5 10. Qd2 Nc6 11. Rd1 Rd8 12. Bc4 e6 13. O-O b5 14. Be2 Bb7
15. Bh6 Bh8 16. Qe3 cxd4 17. cxd4 b4 18. Rd2 Ne7 19. Bc4 Ba6 20. Bxa6 Qxa6 21.
Qb3 Qb7 22. Re1 a5 23. Bg5 a4 24. Qe3 Rac8 25. Rb1 f6 26. Bf4 g5 27. Bg3 Rc3
28. Qxc3 bxc3 29. Rxb7 cxd2 30. Nxd2 Rxd4 31. Nf3 Rd1+ 32. Kh2 Nc6 33. Rb6 Rc1
34. Ra6 Rc4 35. e5 h5 36. h4 gxh4 37. Bxh4 Nxe5 38. Ra8+ Kg7 39. Bxf6+ Kxf6 40.
Nxe5 Kxe5 41. Rxh8 h4 1/2-1/2

[Event "26th WSCC 2016 Open 50+"]
[Site "Marianske Lazne, Czech Republic - Hotel Cristal and Continental"]
[Date "2016.11.24"]
[Round "6.52"]
[White "Dobes, Ludek"]
[Black "Mazzamuto, Nicola"]
[Result "0-1"]
[WhiteElo "2038"]
[BlackElo "1903"]
[PlyCount "62"]
[EventDate "2016.11.19"]

1. d4 e6 2. Nf3 b6 3. c4 Bb7 4. e3 g6 5. Bd3 Bg7 6. O-O Ne7 7. Nbd2 d6 8. Qc2
Nd7 9. b3 h6 10. Bb2 O-O 11. Ne4 f5 12. Ned2 e5 13. dxe5 dxe5 14. Be2 g5 15. h3
Ng6 16. Rad1 h5 17. Nh2 g4 18. hxg4 hxg4 19. Bxg4 Nh4 20. Bh3 Qg5 21. Ndf3
Nxf3+ 22. Nxf3 Bxf3 23. Rxd7 Rae8 24. Rfd1 Bxd1 25. Qxd1 Rd8 26. Qd5+ Kh8 27.
f4 Rxd7 28. Qxd7 exf4 29. exf4 Qg3 30. Ba3 Qe3+ 31. Kh1 Bd4 0-1

[Event "26th WSCC 2016 Open 50+"]
[Site "Marianske Lazne, Czech Republic - Hotel Cristal and Continental"]
[Date "2016.11.24"]
[Round "6.53"]
[White "Arias Castanedo, Jacinto"]
[Black "Ptacnik, Stanislav"]
[Result "0-1"]
[WhiteElo "1857"]
[BlackElo "2037"]
[PlyCount "50"]
[EventDate "2016.11.19"]

1. d4 Nf6 2. Nf3 e6 3. Bg5 c5 4. Bxf6 Qxf6 5. e3 b6 6. Nbd2 Bb7 7. Bd3 cxd4 8.
exd4 g6 9. c3 Bh6 10. Ne4 Qe7 11. Qe2 O-O 12. O-O f5 13. Ng3 Nc6 14. Rae1 Rae8
15. Bc2 Qd8 16. Ne5 f4 17. Nxc6 Bxc6 18. Ne4 f3 19. gxf3 Qh4 20. f4 Bxf4 21. f3
Bb5 22. Qf2 Qh6 23. Kh1 Bxf1 24. Rxf1 Bc7 25. Ba4 Rxf3 0-1

[Event "26th WSCC 2016 Open 50+"]
[Site "Marianske Lazne, Czech Republic - Hotel Cristal and Continental"]
[Date "2016.11.24"]
[Round "6.54"]
[White "Paldus, Petr"]
[Black "Bartonicek, Zdenek"]
[Result "1-0"]
[WhiteElo "2031"]
[BlackElo "1894"]
[PlyCount "99"]
[EventDate "2016.11.19"]

1. e4 e5 2. Nf3 Nc6 3. Bc4 Nf6 4. Nc3 Bc5 5. d3 h6 6. O-O d6 7. Na4 Bg4 8. Nxc5
dxc5 9. Bb5 Qd6 10. h3 Bd7 11. Bxc6 Bxc6 12. Be3 O-O-O 13. Qd2 c4 14. Qa5 cxd3
15. cxd3 b6 16. Qxa7 Nd7 17. Qa6+ Kb8 18. Rfc1 Bb7 19. Qc4 f6 20. a4 c6 21. b4
Rc8 22. a5 b5 23. Qc3 Ba6 24. d4 exd4 25. Nxd4 Kb7 26. Nf5 Qe6 27. Qd4 c5 28.
bxc5 Rc6 29. Nd6+ Kc7 30. Rab1 Rb8 31. Qd5 Qe5 32. f4 Qe7 33. Nf5 Qf8 34. Nd4
Bb7 35. Ne6+ Rxe6 36. Qxe6 Bc6 37. Qd6+ Qxd6 38. cxd6+ Kxd6 39. a6 Bxe4 40. a7
Re8 41. Rxb5 Bc6 42. Rb3 Be4 43. Rd1+ Ke6 44. Ra3 f5 45. Ra6+ Ke7 46. Rad6 Nf6
47. Bc5 Kf7 48. Rd8 h5 49. Rxe8 Nxe8 50. Rd8 1-0

[Event "26th WSCC 2016 Open 50+"]
[Site "Marianske Lazne, Czech Republic - Hotel Cristal and Continental"]
[Date "2016.11.24"]
[Round "6.55"]
[White "Tiedt, Gunter"]
[Black "Panos, Jan"]
[Result "1-0"]
[WhiteElo "2020"]
[BlackElo "1845"]
[PlyCount "137"]
[EventDate "2016.11.19"]

1. e4 c6 2. d4 d5 3. exd5 cxd5 4. c4 Nf6 5. Nc3 Nc6 6. Nf3 Bg4 7. cxd5 Nxd5 8.
Bb5 Rc8 9. h3 Bxf3 10. Qxf3 Nxc3 11. bxc3 a6 12. Ba4 e6 13. O-O Be7 14. Bb2 O-O
15. Rfd1 Qb6 16. Rab1 Qa5 17. Bb3 Qc7 18. d5 Ne5 19. Qg3 exd5 20. Rxd5 Ng6 21.
Qf3 Qf4 22. Qxf4 Nxf4 23. Rd7 Bc5 24. Re1 b6 25. Bc1 Ne6 26. Be3 Bxe3 27. Rxe3
Nc5 28. Ra7 Nxb3 29. axb3 a5 30. Rb7 Rb8 31. Ree7 g6 32. c4 Kg7 33. Kf1 Kf6 34.
f4 h6 35. g4 Rbd8 36. g5+ hxg5 37. fxg5+ Kxg5 38. Rxb6 f5 39. h4+ Kh5 40. Rh7+
Kg4 41. Rxg6+ Kf3 42. Kg1 Rd1+ 43. Kh2 Rd2+ 44. Kh3 f4 45. Rhg7 Re8 46. Rg2 Rd1
47. Rh2 Re3 48. h5 Ke4+ 49. Kh4 Rd6 50. Re7+ Kf5 51. Rf7+ Ke5 52. Ra2 Rxb3 53.
Rxa5+ Ke4 54. Raf5 f3 55. Rf4+ Ke5 56. R7f5+ Ke6 57. Rf6+ Ke7 58. Rxd6 Kxd6 59.
Kg3 Rc3 60. h6 Ke5 61. h7 f2+ 62. Kg2 Kxf4 63. h8=Q Rg3+ 64. Kxf2 Rf3+ 65. Ke2
Re3+ 66. Kd2 Re5 67. Qh4+ Kf5 68. Kd3 Ke6 69. Kd4 1-0

[Event "26th WSCC 2016 Open 50+"]
[Site "Marianske Lazne, Czech Republic - Hotel Cristal and Continental"]
[Date "2016.11.24"]
[Round "6.56"]
[White "Melkeraen, Terje"]
[Black "Kylar, Miroslav"]
[Result "1/2-1/2"]
[WhiteElo "2011"]
[BlackElo "1851"]
[PlyCount "58"]
[EventDate "2016.11.19"]

1. Nf3 d5 2. b3 Nf6 3. Bb2 Bg4 4. e3 e6 5. Be2 Nbd7 6. d4 c5 7. O-O cxd4 8.
exd4 Be7 9. c4 O-O 10. Nbd2 dxc4 11. bxc4 Nb6 12. Qb3 Rc8 13. Rac1 Qc7 14. Bd3
Rfd8 15. Ne5 Nbd7 16. h3 Nxe5 17. dxe5 Nd7 18. hxg4 Nxe5 19. Bxh7+ Kxh7 20.
Qh3+ Kg8 21. Nf3 Nd3 22. Rc2 Nxb2 23. Rxb2 Rd3 24. Rc2 Rcd8 25. g5 Bxg5 26. Qg4
Be7 27. Qe4 Rd1 28. Qe2 Rxf1+ 29. Kxf1 Qd7 1/2-1/2

[Event "26th WSCC 2016 Open 50+"]
[Site "Marianske Lazne, Czech Republic - Hotel Cristal and Continental"]
[Date "2016.11.24"]
[Round "6.57"]
[White "Becvar, Miroslav"]
[Black "Cafolla, Peter"]
[Result "0-1"]
[WhiteElo "1834"]
[BlackElo "1996"]
[PlyCount "68"]
[EventDate "2016.11.19"]

1. e4 c5 2. f4 d5 3. exd5 Nf6 4. Nf3 Nxd5 5. d4 e6 6. Ne5 a6 7. c4 Nf6 8. Be3
cxd4 9. Bxd4 Nc6 10. Nxc6 bxc6 11. Nc3 c5 12. Be5 Qxd1+ 13. Rxd1 Bb7 14. Bxf6
gxf6 15. Rg1 f5 16. g3 Bg7 17. Bg2 Rb8 18. Rd3 Bd4 19. Bxb7 Bxg1 20. Bc6+ Ke7
21. Kf1 Bd4 22. b3 Rb6 23. Bf3 Rd8 24. Na4 Rbd6 25. Ke2 Bg1 26. Rxd6 Kxd6 27.
h3 Bd4 28. Bg2 f6 29. Bh1 Rg8 30. Kf3 Kc7 31. Bg2 e5 32. g4 fxg4+ 33. hxg4 h5
34. gxh5 e4+ 0-1

[Event "26th WSCC 2016 Open 50+"]
[Site "Marianske Lazne, Czech Republic - Hotel Cristal and Continental"]
[Date "2016.11.24"]
[Round "6.58"]
[White "Borovicka, Bohumil"]
[Black "De Meester, Johan"]
[Result "1/2-1/2"]
[WhiteElo "1991"]
[BlackElo "1828"]
[PlyCount "122"]
[EventDate "2016.11.19"]

1. d4 d5 2. Bf4 Nf6 3. e3 Bf5 4. c4 e6 5. Nc3 Bd6 6. Bg3 O-O 7. Nf3 Bxg3 8.
hxg3 Nbd7 9. Be2 dxc4 10. Bxc4 c6 11. O-O Nb6 12. Be2 Qc7 13. Rc1 Rad8 14. Qb3
a6 15. Rfd1 Nbd5 16. Ne5 Nxc3 17. Qxc3 Nd5 18. Qb3 f6 19. Nd3 Bxd3 20. Bxd3 f5
21. a3 Qe7 22. Qc2 Qf6 23. Rf1 g6 24. Rce1 Kg7 25. Qe2 Nc7 26. Bc4 e5 27. dxe5
Qxe5 28. Rd1 Qf6 29. Bb3 Rxd1 30. Rxd1 Rd8 31. Rd2 Nb5 32. Rxd8 Qxd8 33. Qc4
Qe7 34. g4 Nd6 35. Qg8+ Kh6 36. gxf5 Nxf5 37. Qc4 Qe5 38. Qf4+ Qxf4 39. exf4
Nd4 40. Bd1 c5 41. Kf1 Kg7 42. Ke1 Kf6 43. Kd2 Kf5 44. Ke3 h5 45. g3 b5 46. b4
Ne6 47. Bc2+ Kf6 48. bxc5 Nxc5 49. Kd4 Ne6+ 50. Kd5 a5 51. Bd3 b4 52. axb4 axb4
53. Kc4 b3 54. Kxb3 h4 55. gxh4 Nxf4 56. Be4 g5 57. hxg5+ Kxg5 58. Kc3 Nh3 59.
f3 Kf4 60. Kd3 Ng5 61. Bd5 Nxf3 1/2-1/2

[Event "26th WSCC 2016 Open 50+"]
[Site "Marianske Lazne, Czech Republic - Hotel Cristal and Continental"]
[Date "2016.11.24"]
[Round "6.59"]
[White "Randak, Pavel"]
[Black "Polanyi, Peter"]
[Result "1/2-1/2"]
[WhiteElo "1826"]
[BlackElo "1990"]
[PlyCount "124"]
[EventDate "2016.11.19"]

1. e4 c5 2. Nf3 e6 3. d4 cxd4 4. Nxd4 Nc6 5. Nc3 Qc7 6. Be2 a6 7. a4 b6 8. Nxc6
dxc6 9. O-O Nf6 10. Be3 Bb7 11. f4 c5 12. Bf3 Rd8 13. Qe2 Be7 14. Rad1 O-O 15.
Rxd8 Rxd8 16. Rd1 Rxd1+ 17. Qxd1 Qd7 18. Qxd7 Nxd7 19. Kf2 f6 20. Be2 Kf7 21.
Bc4 Bd6 22. f5 Nf8 23. fxe6+ Nxe6 24. Nd5 Bxd5 25. Bxd5 Ke7 26. Bb7 Nc7 27. b4
a5 28. bxa5 bxa5 29. Bd2 Ne6 30. Bxa5 c4 31. Bb6 Bc5+ 32. Bxc5+ Nxc5 33. Bd5
Nxa4 34. Bxc4 Kd6 35. Ke3 Ke5 36. Bg8 h6 37. c4 Nc5 38. Bh7 Ne6 39. Bf5 Nc5 40.
h4 g5 41. hxg5 hxg5 42. Bg6 Ne6 43. g3 Nc5 44. Bf5 Nb3 45. Kd3 Nc5+ 46. Kc3 Nb7
47. Bd7 Nc5 48. Bc6 Ne6 49. Bd5 Nc5 50. Kb4 Kd4 51. Kb5 Nd3 52. g4 Nc5 53. Kc6
Nd3 54. Kd6 Nc5 55. Bc6 Nd3 56. Bd5 Nc5 57. Ba8 Na6 58. Ke6 Nc7+ 59. Kxf6 Nxa8
60. e5 Nc7 61. e6 Kxc4 62. e7 Kd5 1/2-1/2

[Event "26th WSCC 2016 Open 50+"]
[Site "Marianske Lazne, Czech Republic - Hotel Cristal and Continental"]
[Date "2016.11.24"]
[Round "6.60"]
[White "Fox, Anthony"]
[Black "Vasse, Albert"]
[Result "1/2-1/2"]
[WhiteElo "1986"]
[BlackElo "1826"]
[PlyCount "45"]
[EventDate "2016.11.19"]

1. e4 c5 2. Nc3 Nc6 3. g3 g6 4. Bg2 Bg7 5. d3 d6 6. Be3 Nf6 7. h3 O-O 8. Nge2
e5 9. O-O Be6 10. f4 Nd4 11. Qd2 Qc8 12. Kh2 Rb8 13. Rf2 b5 14. fxe5 dxe5 15.
Raf1 Ne8 16. Nc1 f5 17. Nd1 b4 18. c3 bxc3 19. bxc3 Nb5 20. c4 Nd4 21. Nc3 Nd6
22. Bh6 Qd7 23. Bxg7 1/2-1/2

[Event "26th WSCC 2016 Open 50+"]
[Site "Marianske Lazne, Czech Republic - Hotel Cristal and Continental"]
[Date "2016.11.24"]
[Round "6.61"]
[White "Kucera, Jiri"]
[Black "Koblizek, Lubomir"]
[Result "1-0"]
[WhiteElo "1958"]
[BlackElo "1811"]
[PlyCount "71"]
[EventDate "2016.11.19"]

1. e4 d6 2. d4 e5 3. Nf3 exd4 4. Bc4 Nc6 5. c3 Be6 6. Bxe6 fxe6 7. cxd4 Qd7 8.
O-O Be7 9. Nc3 Nf6 10. Re1 e5 11. d5 Nd8 12. Qb3 a6 13. h3 Nh5 14. Be3 Rf8 15.
Ng5 Nf4 16. Bxf4 Rxf4 17. Ne6 Nxe6 18. dxe6 Qc8 19. Nd5 Rf8 20. Rac1 c6 21. Nb6
Qb8 22. Nd7 Qa7 23. Nxf8 Kxf8 24. Qf3+ Bf6 25. Qh5 Kg8 26. Qf7+ Kh8 27. Red1
Qb8 28. Qd7 Qf8 29. Qxd6 Qe8 30. Qd7 Qf8 31. Qxb7 Rb8 32. Qxc6 Bh4 33. Rc2 h6
34. Qd6 Be7 35. Qxa6 Bc5 36. Rdc1 1-0

[Event "26th WSCC 2016 Open 50+"]
[Site "Marianske Lazne, Czech Republic - Hotel Cristal and Continental"]
[Date "2016.11.24"]
[Round "6.62"]
[White "Shaw, Meyrick"]
[Black "Macek, Oldrich"]
[Result "1-0"]
[WhiteElo "1947"]
[BlackElo "1677"]
[PlyCount "91"]
[EventDate "2016.11.19"]

1. d4 e6 2. Nf3 Nf6 3. Bf4 c5 4. e3 cxd4 5. exd4 Qb6 6. Qc1 Nc6 7. c3 d5 8.
Nbd2 Bd7 9. Bd3 Nh5 10. Be3 f5 11. Nb3 Nf6 12. O-O Qc7 13. Re1 Bd6 14. c4 dxc4
15. Qxc4 O-O-O 16. Rac1 Nd5 17. Bg5 Rdf8 18. Nc5 h6 19. Bd2 Rf6 20. b4 Kb8 21.
b5 Nce7 22. Qb3 Qd8 23. Ba5 b6 24. Nxd7+ Qxd7 25. Ne5 Qb7 26. Nc6+ Ka8 27. Bd2
Nxc6 28. Rxc6 Rd8 29. Be2 Kb8 30. Bf3 Qd7 31. Qa4 g5 32. g3 g4 33. Bg2 f4 34.
gxf4 Bxf4 35. Bxf4+ Rxf4 36. Rexe6 Re8 37. Bxd5 Rxe6 38. Bxe6 Rxd4 39. Bxd7
Rxa4 40. Rxh6 Rxa2 41. Bxg4 Kc7 42. Be6 Ra1+ 43. Kg2 Kd8 44. Rh7 Ke8 45. Bc4
Kf8 46. h4 1-0

[Event "26th WSCC 2016 Open 50+"]
[Site "Marianske Lazne, Czech Republic - Hotel Cristal and Continental"]
[Date "2016.11.24"]
[Round "6.63"]
[White "Valet, Richard"]
[Black "Ruzicka, Tomas"]
[Result "1-0"]
[WhiteElo "1943"]
[BlackElo "1796"]
[PlyCount "57"]
[EventDate "2016.11.19"]

1. e4 e5 2. Nf3 d6 3. d4 exd4 4. Qxd4 Nc6 5. Bb5 Bd7 6. Qe3 Nf6 7. O-O Be7 8.
Nc3 O-O 9. a4 Nb4 10. Qe2 Bg4 11. Bg5 a6 12. Bc4 Nd7 13. Bxe7 Qxe7 14. h3 Bxf3
15. Qxf3 Nxc2 16. Nd5 Qd8 17. Rad1 c5 18. Qg3 Ne5 19. Ba2 Nd4 20. Rfe1 Qa5 21.
f4 Qxa4 22. Nc3 Qe8 23. fxe5 Qxe5 24. Qg4 b5 25. Bd5 Ra7 26. Rd2 a5 27. Rf1 b4
28. Nd1 Ne6 29. Rf5 1-0

[Event "26th WSCC 2016 Open 50+"]
[Site "Marianske Lazne, Czech Republic - Hotel Cristal and Continental"]
[Date "2016.11.24"]
[Round "6.64"]
[White "Schneider, Waldemar"]
[Black "Robertson, Ian C"]
[Result "0-1"]
[WhiteElo "1818"]
[BlackElo "2127"]
[PlyCount "104"]
[EventDate "2016.11.19"]

1. d4 d6 2. e4 Nd7 3. Nf3 g6 4. Nc3 Bg7 5. Bc4 e6 6. O-O a6 7. Bg5 Ne7 8. Re1
b5 9. Bd3 h6 10. Be3 O-O 11. Qd2 Kh7 12. Rad1 Bb7 13. a3 Nf6 14. h3 Rc8 15. Bf4
Nd7 16. Qe2 Ng8 17. e5 d5 18. g3 c5 19. dxc5 Nxc5 20. h4 Kh8 21. Qd2 Qe7 22.
Nd4 Rfd8 23. Bf1 Nd7 24. Bh3 b4 25. axb4 Qxb4 26. Qc1 Kh7 27. Na2 Qa5 28. Qb1
Qc7 29. c3 Kh8 30. Bxe6 fxe6 31. Nxe6 Qb6 32. Qxg6 Bf8 33. Nxf8 Rxf8 34. e6
Ndf6 35. Bxh6 Nxh6 36. Qxh6+ Nh7 37. Rd2 Rce8 38. Nb4 Rf6 39. Qh5 Rexe6 40.
Rxe6 Rxe6 41. Nxd5 Re1+ 42. Kg2 Qb5 43. Kf3 Re8 44. Kg2 Re1 45. Kh3 Qf1+ 46.
Kg4 Re4+ 47. Nf4 Bc8+ 48. Kf3 Qc4 49. Qg6 Bb7 50. Rd8+ Re8+ 51. Rd5 Bxd5+ 52.
Nxd5 Qxd5+ 0-1

[Event "26th WSCC 2016 Open 50+"]
[Site "Marianske Lazne, Czech Republic - Hotel Cristal and Continental"]
[Date "2016.11.24"]
[Round "6.65"]
[White "Svec, Jan"]
[Black "Wilkinson, Ian"]
[Result "0-1"]
[WhiteElo "1717"]
[BlackElo "1885"]
[PlyCount "62"]
[EventDate "2016.11.19"]

1. d4 d5 2. e3 Bf5 3. Bd3 Bxd3 4. Qxd3 Nd7 5. Nf3 Ngf6 6. b3 e6 7. Nbd2 Bd6 8.
c4 c6 9. Bb2 O-O 10. O-O Re8 11. Ne5 Rc8 12. Nxd7 Qxd7 13. h3 Re7 14. a4 a5 15.
Ba3 h6 16. Bxd6 Qxd6 17. c5 Qc7 18. Rac1 e5 19. dxe5 Rxe5 20. Nf3 Rh5 21. g4
Rxh3 22. Kg2 Rxf3 23. Kxf3 Ne4 24. Ke2 Qh2 25. Ke1 Qg2 26. Qe2 Re8 27. Qc2 Qxg4
28. Qe2 Qg2 29. Qh5 Ng3 30. Qg4 Qxf1+ 31. Kd2 Qxf2+ 0-1

[Event "26th WSCC 2016 Open 50+"]
[Site "Marianske Lazne, Czech Republic - Hotel Cristal and Continental"]
[Date "2016.11.24"]
[Round "6.66"]
[White "Molnar, Ladislav"]
[Black "Meier, Franz"]
[Result "0-1"]
[WhiteElo "1738"]
[BlackElo "1859"]
[PlyCount "44"]
[EventDate "2016.11.19"]

1. e4 Nc6 2. Nf3 e5 3. Nc3 Nf6 4. Bc4 Nxe4 5. Nxe4 d5 6. Bxd5 Qxd5 7. d3 Bg4 8.
h3 Bh5 9. g4 Bg6 10. Nc3 Bb4 11. O-O Bxc3 12. bxc3 O-O-O 13. c4 Qd7 14. Nd2 h5
15. Kg2 hxg4 16. hxg4 Rh4 17. f3 Rdh8 18. Kf2 Qd4+ 19. Ke1 Qxa1 20. Nb3 Qxa2
21. Bg5 Rh2 22. Bd2 Nd4 0-1